Wszyscy zwycięzcy Ligi Europy - nagła śmierć - Statystyki

Ogólne statystyki
  • Ten quiz został rozwiązany 209 razy
  • Średni wynik to 5 z 30
Answers on the Grid
Answers color-coded by a green-red scale on the quiz's grid according to % correct below.
Olympique Marsylia
West Ham United
CSKA Moskwa
Celtic FC
Valencia CF
Sevilla FC
AEK Ateny
Everton FC
Zenit Petersburg
PSV
Szachtar Donieck
Ipswich Town
Aston Villa
Benfica
PAOK Saloniki
Sampdoria
FC Liverpool
Manchester United
Olympique Lyonnais
RSC Anderlecht
RB Leipzig
Atlético Madryt
Paris Saint-Germain
Atalanta BC
Villarreal CF
Borussia Mönchengladbach
Real Sociedad
Olympiakos
Inter Mediolan
Rangers FC
Fenerbahçe SK
Bayer 04 Leverkusen
Galatasaray
Manchester City
Real Betis
SSC Napoli
Tottenham Hotspur
Ajax Amsterdam
IFK Göteborg
Real Madryt
FC Schalke 04
Juventus Turyn
AS Monaco
FC Barcelona
Wolverhampton
Lazio
Chelsea FC
Eintracht Frankfurt
Bayern Monachium
Panathinaikos
Arsenal F.C.
Club Brugge
AC Parma
Feyenoord Rotterdam
AS Roma
Sporting CP
Dynamo Kijów
Inter Miami
FC Porto
Crvena Zvezda
 
Statystyki odpowiedzi
Odpowiedź % Poprawnych
Sevilla FC
64%
Atlético Madryt
39%
FC Liverpool
38%
Manchester United
37%
CSKA Moskwa
33%
Zenit Petersburg
28%
Szachtar Donieck
26%
Valencia CF
24%
Villarreal CF
24%
FC Porto
23%
Chelsea FC
21%
Atalanta BC
19%
Inter Mediolan
17%
Real Madryt
14%
Eintracht Frankfurt
13%
Bayern Monachium
12%
Galatasaray
12%
Juventus Turyn
12%
Ajax Amsterdam
11%
PSV
11%
Tottenham Hotspur
11%
SSC Napoli
9%
Bayer 04 Leverkusen
8%
Borussia Mönchengladbach
8%
FC Schalke 04
8%
Ipswich Town
8%
AC Parma
7%
IFK Göteborg
7%
Feyenoord Rotterdam
4%
RSC Anderlecht
3%
Nie znaleziono quizów pasujących do podanych kryteriów
Rozkład punktacji
Procent ludzi z każdym wynikiem
Percentyl według liczby udzielonych odpowiedzi
Twoja historia wyników
Nie rozwiązałeś tego quizu